000 00373nam a2200133Ia 4500
008 231221s9999 xx 000 0 und d
020 _a978-0-387-23175-4
041 _aEnglish
100 _aGiampiero E. G. Beroggi
245 0 _aDesigning and Evaluating E-Management Decision Tools
260 _c2005
_bSpringer US
_aNew York
650 _aComputer Science
942 _cEB
999 _c217983
_d217983